MÜREKKEP DENİZİNDE BİTMEYEN YOLCULUK (Record no. 731360)

MARC details
000 -LEADER
sabit uzunluktaki kontrol alanı 00257nam a2200097Ia 4500
001 - KONTROL NUMARASI
kontrol alanı 731360
005 - EN SON İŞLEMİN TARİH VE ZAMANI
kontrol alanı 20250826163732.0
008 - SABİT-UZUNLUKTA VERİ ÖĞELERİ--GENEL BİLGİ
sabit uzunluktaki kontrol alanı 250824s9999 xx 000 0 und d
245 #0 - ESER / YAZAR
ESER ADI MÜREKKEP DENİZİNDE BİTMEYEN YOLCULUK
Yazar Adı ALİ ÜNLÜ
260 ## - YAYIN, DAĞITIM, VB.
YAYIN EVİ ATLI KARINCA
Holdings
Düşüm durumu Kayıp durumu Hasar Durumu Ödünç verilmez Ana kütüphane Geçerli Kütüphane Edinilen tarih Toplam ödünç verme sayısı Barkod Son görüntüleme tarihi Fiyatın geçerli olmaya başladığı tarih Koha materyal türü
        100. YIL AHMET HAŞHAŞ ORTAOKULU 100. YIL AHMET HAŞHAŞ ORTAOKULU 24.08.2025   10033081 26.08.2025 26.08.2025 Books